00804nam a2200265 a 450000100060000000300090000600800410001502000180005604000280007404100080010210000180011024501020012825000110023026000520024130000270029365000220032065000230034265000240036565000240038965000270041365000330044065000210047370000220049470000220051624981CO-ViMGA141112s2004 ck r 000 u spa d a9789585750319 aCO-ViMGAbspacCO-ViMGA aSPA1 aHo - sang, Zo10aMi nombre es Hoy / cZo Ho - sang ; ilustraciones Kim Dong - sung ; traducción Ana A. de Eulate a3a ed. aBogotá : bCuento de Luz ; Monserrate, c2012 a36 p. : il. col. : il.14aAUTORES COREANOS 14aDESDE LOS 6 AÑOS14aFELICIDAD - CUENTO 14aHUERFANOS - CUENTO 14aILUSTRADORES COREANOS 14aLITERATURA INFANTIL COREANA 14aVIAJES - CUENTO 1 aDong - sung, Kim 1 aEulate, Ana A. de